Southville International School and Colleges
Your cart is empty.
  • Cart
  • Lists
    Public lists Eva Luna New books Lux_list list_1
    Your lists Log in to create your own lists
  • Log in to your account
  • Your cookies
  • Search history
Southville International School and Colleges
  • Advanced search
  • Recent comments
  • Most popular
  • Libraries

Log in to your account

Log in with GOOGLE


If you do not have an external account, but do have a local account, you can still log in:

  1. Home
  2. MARC view: Contemporary financial management /
Normal view MARC view ISBD view

Contemporary financial management / (Record no. 290454)

[ view plain ]
MARC details
000 -LEADER
fixed length control field 00739nam a2200241 a 4500
003 - CONTROL NUMBER IDENTIFIER
control field PILC
005 - DATE AND TIME OF LATEST TRANSACTION
control field 20160202094741.0
008 - FIXED-LENGTH DATA ELEMENTS--GENERAL INFORMATION
fixed length control field 030909s19uu xx 00 eng d
020 ## - INTERNATIONAL STANDARD BOOK NUMBER
International Standard Book Number 032431437x
050 ## - LIBRARY OF CONGRESS CALL NUMBER
Classification number BF 181
Item number .M39 2006
100 ## - MAIN ENTRY--PERSONAL NAME
Personal name McGuigan, James R.
245 ## - TITLE STATEMENT
Title Contemporary financial management /
Statement of responsibility, etc F.J. McGuigan, William J. Kretlow, R. Charles Moyer.
250 ## - EDITION STATEMENT
Edition statement 10th edition.
260 ## - PUBLICATION, DISTRIBUTION, ETC. (IMPRINT)
Place of publication, distribution, etc Australia :
Name of publisher, distributor, etc Thomson South-Western,
Date of publication, distribution, etc 2006.
300 ## - PHYSICAL DESCRIPTION
Extent 799 pages :
Other physical details illustrations ;
Dimensions 22 cm.
500 ## - GENERAL NOTE
General note Includes index.
650 ## - SUBJECT ADDED ENTRY--TOPICAL TERM
Topical term or geographic name as entry element Corporations
General subdivision Finance.
650 ## - SUBJECT ADDED ENTRY--TOPICAL TERM
Topical term or geographic name as entry element Business enterprises
General subdivision Finance.
700 ## - ADDED ENTRY--PERSONAL NAME
Personal name Kretlow, William J.
700 ## - ADDED ENTRY--PERSONAL NAME
Personal name Moyer, Charles R.
942 ## - ADDED ENTRY ELEMENTS (KOHA)
Koha item type Books
Source of classification or shelving scheme Library of Congress Classification
Call number prefix Foreign
Holdings
Withdrawn status Lost status Source of classification or shelving scheme Damaged status Home library Current library Shelving location Date acquired Source of acquisition Sub Shelving location Total Checkouts Full call number Barcode Date last seen Price effective from Koha item type
    Library of Congress Classification   College Library College Library General Circulation Section 02/02/2016 Donation     BF 181 .M39 2006 C10530 05/15/2018 02/02/2016 Books

Contemporary financial management /

APA

McGuigan J. R., Kretlow W. J. & Moyer C. R. (2006). Contemporary financial management. Australia: Thomson South-Western.

Chicago

McGuigan James R, Kretlow William J and Moyer Charles R. 2006. Contemporary financial management. Australia: Thomson South-Western.

Harvard

McGuigan J. R., Kretlow W. J. and Moyer C. R. (2006). Contemporary financial management. Australia: Thomson South-Western.

MLA

McGuigan James R, Kretlow William J and Moyer Charles R. Contemporary financial management. Australia: Thomson South-Western. 2006.

  • Place hold
  • Print
  • Cite
  • Add to your cart (remove)
  • Save record
    BIBTEX Dublin Core MARCXML MARC (non-Unicode/MARC-8) MARC (Unicode/UTF-8) MARC (Unicode/UTF-8, Standard) MODS (XML) RIS
  • More searches
    Search for this title in:
    Other Libraries (WorldCat) Other Databases (Google Scholar) Online Stores (Bookfinder.com) Open Library (openlibrary.org)

Exporting to Dublin Core...

SOUTHVILLE LIBRARY

Southville International School and Colleges Library

1281 Tropical Ave. Cor. Luxembourg St., BF Homes International, Las Pinas City

Tel. No. 8256374 / 252358 Loc. 117/146

Powered by Koha